| 000 | 00442nam a2200169 4500 | ||
|---|---|---|---|
| 001 | 126306 | ||
| 003 | ES-MaACL | ||
| 005 | 20230906192809.0 | ||
| 007 | t| | ||
| 008 | 070214s1972 sp r ||||1| spa d | ||
| 245 | 0 | 0 | _aRecaudación. |
| 250 | _a2ª: ed. | ||
| 260 |
_aMadrid : _bMinisterio de Hacienda, _c1972. |
||
| 300 |
_a623 p. ; _c24 cm. |
||
| 710 | 0 | 0 |
_aEspaña. _bMinisterio de Hacienda. _93874 |
| 852 |
_aES-MaACL _jL-674 _bR.101602 |
||
| 999 |
_c126306 _d126306 |
||